Different women, different worlds : (Record no. 96520)

MARC details
000 -LEADER
fixed length control field 00647nam a22001937a 4500
005 - DATE AND TIME OF LATEST TRANSACTION
control field 20150911110453.0
010 ## - LCCN (DPL NO)
LC control number ENG-113918
020 ## - INTERNATIONAL STANDARD BOOK NUMBER
Terms of availability 250.00
International Standard Book Number 9789350450598
035 ## - SYSTEM CONTROL NUMBER
System control number EN-97450
037 ## - SOURCE OF ACQUISITION
Source of stock number/acquisition DBAD/PUB
Stock number dpl
082 ## - DEWEY DECIMAL CLASSIFICATION NUMBER
Classification number S
100 ## - MAIN ENTRY--PERSONAL NAME
Personal name
245 ## - TITLE STATEMENT
Title Different women, different worlds :
Statement of responsibility, etc translated by Seemita Mohanty
Remainder of title ten short stories by Odia women writers /
260 ## - PUBLICATION, DISTRIBUTION, ETC. (IMPRINT)
Place of publication, distribution, etc Calcutta
Name of publisher, distributor, etc Writers Workshop
Date of publication, distribution, etc 2014
270 ## - ADDRESS
Address 162/92, Lake Gardens,
City Calcutta
Postal code 700045
300 ## - PHYSICAL DESCRIPTION
Extent 122p.
Dimensions 22cm(Hb)
700 ## - ADDED ENTRY--PERSONAL NAME
Personal name Mohanty, Seemita
942 ## - ADDED ENTRY ELEMENTS (KOHA)
Source of classification or shelving scheme Dewey Decimal Classification
Item type English Books
Call number suffix DIF
Classification part S
Holdings
Withdrawn status Lost status Not for loan Collection code Home library Current library Date acquired Source of acquisition Cost, normal purchase price Full call number Barcode Copy number Cost, replacement price Koha item type
    Not For Loan Fiction D.B.Act.Division D.B.Act.Division 27/08/2015 DBAD/Pub. 250.00 S DIF EN-97450 1 250.00 English Books

© Delhi Public Library
Hit Counter
free hit counter